Mario Characters - Statistics

General Stats
  • This quiz has been taken 85 times
  • The average score is 6 of 7
Answer Stats
Picture Answer % Correct
Mario
100%
Wario
99%
Luigi
97%
Yoshi
96%
Bowser
94%
Goomba
61%
Koopa Troopa
60%
No matching quizzes found
Score Distribution
Percent of People with Each Score
Percentile by Number Answered
Your Score History
You have not taken this quiz